Statistics for Hooks of Modern Songs

Click here to take the quiz!

General Stats

  • This quiz has been taken 37 times
  • The average score is 6 of 15

Answer Stats

HookSong% Correct
Hey I just met you/And this is crazyCall Me Maybe
97%
I came in like a _______ ____/I'd never hit so hard in loveWrecking Ball
89%
Been round the world, don't speak the language/But your booty don't need explainingTalk Dirty
67%
I'm friends with ___ ______, that's under my bed/Get along with the voices inside of my headThe Monster
67%
But first let me take a ____Selfie
64%
Say what you wanna say/Let the words fall outBrave
47%
_____ ____ is in the house tonight/Everybody just have a good timeParty Rock Anthem
47%
You only got one shot/Do not miss your chance to blowLose Yourself
44%
If I could write you a song to make you fall in love/I would already have youCooler Than Me
31%
We be all night, in loveDrunk In Love
25%
We live in cities/You'll never see on the screenTeam
22%
You remind me of something/I don't know what it isShow Me
11%
Well woman the weather time cold/I wanna be keepin you warmTemperature
8%
It's hard to do these things alone/Just ____ __ ____ ____ ____Hold On, We're Going Home
6%
And they don't have no award for thatTrophies
6%

Score Distribution

Percentile by Number Answered

Percent of People with Each Score

Your Score History

You have not taken this quiz